| 000 | 01194nam a2200277 i 4500 | ||
|---|---|---|---|
| 003 | EG-ScBUE | ||
| 005 | 20231116122039.0 | ||
| 008 | 110720s1970 u f 000 0 ara d | ||
| 040 |
_aEG-ScBUE _bara _erda _cEG-ScBUE _dEG-ScBUE |
||
| 043 | _an-us--- | ||
| 082 | 0 | 4 |
_222 _a303.4973 _bد ي ر |
| 100 | 1 |
_926360 _aدي رينكور، أموري، _d1918- _eمؤلف. |
|
| 245 | 1 | 2 |
_aالقياصرة القادمون / _cتأليف أموري د. رينكور ؛ ترجمة أحمد نجيب هاشم. |
| 264 | 1 |
_a[القاهرة] : _bالهيئة المصرية العامة للتأليف والنشر، _c1970. |
|
| 300 |
_a543 صفحة ؛ _c24 سم |
||
| 336 |
_2rdacontent _aنص _btxt |
||
| 337 |
_aبدون وسيط _2rdamedia _bn |
||
| 338 |
_aمجلد _bnc _2rdacarrier |
||
| 504 | _aيشتمل على إرجاعات ببليوجرافية. | ||
| 546 | _aالنص باللغة العربية وتم ترجمته من اللغة الإنجليزية. | ||
| 651 | 7 |
_aالولايات المتحدة الامريكية _xالتنبؤات. _2BUEsh |
|
| 653 | _cJuly2011 | ||
| 655 | _vReading book | ||
| 700 | 1 |
_926362 _aهاشم، أحمد نجيب، _eمترجم. |
|
| 942 |
_2ddc _cBB |
||
| 999 |
_c15713 _d15713 |
||